All Tidal Wave Victors - Statistics

General Stats
  • This quiz has been taken 15 times
  • The average score is 5 of 7
Answer Stats
Hint Answer % Correct
United States Zoink
100%
United States Trick
83%
United States wPopoff
83%
United States Netermind
67%
Portugal Taiago
67%
Russia A6
58%
Ukraine SerVax
50%
No matching quizzes found
Score Distribution
Percent of People with Each Score
Percentile by Number Answered
Your Score History
You have not taken this quiz